Investment procedures in Indonesia.

Bibliographic Details
Corporate Author: The Investment Coordinating Board (BKPM)
Format: Book
Published: Jakarta: BKPM, 2004.
Subjects:
LEADER 00447cam a2200145 7i4500
001 0000014608
005 20041015090000.0
090 0 0 |a INDO 332.6732   |b INV 
110 2 0 |a The Investment Coordinating Board (BKPM) 
245 2 0 |a Investment procedures in Indonesia. 
260 0 0 |a Jakarta:   |b BKPM,   |c 2004. 
300 # # |a 63 p. 
650 0 0 |a Investments, Indonesia --   |x Procedure (Law)  
651 0 0 |a Indonesia  
999 |a 0000016112  |b Book  |c Countries  |e Business Information Centre